00357nam a2200133Ia 4500008004100000020001500041041001200056082001600068100001300084245007200097260002500169300000800194650002100202221030s9999 xx 000 0 und d a0074636669 aEnglish a105.23bJer aN. Jerke 4aThe Complete Reference Visual Basic 6 ( DEPARTMENTAL )cby N. Jerke bTMHaNew Delhic2006 a788 aCSE Departmental